[Event "Damhus-ch A"]
[Site "Rodovre"]
[Date "2013.10.22"]
[Round "7"]
[White "Edoo, Niels"]
[Black "Hojgaard, Knud"]
[Result "1-0"]
[WhiteElo "1826"]
[BlackElo "1772"]
[PlyCount "95"]
[EventDate "2013.09.03"]
[EventType "tourn"]
[EventRounds "7"]
[EventCountry "DEN"]
[SourceTitle "EXT 2023"]
[Source "ChessBase"]
[SourceDate "2022.10.05"]
[SourceVersion "1"]
[SourceVersionDate "2022.10.05"]
[SourceQuality "1"]

1. d4 e6 2. Nf3 f5 3. g3 Nf6 4. Bg2 Be7 5. 0-0 0-0 6. c4 d6 7. Nc3 Qe8 8. Qc2 Qh5 9. e4 fxe4 10. Nxe4 e5 11. dxe5 dxe5 12. Nxf6+ Bxf6 13. Be3 Nc6 14. Nd2 Bf5 15. Qb3 Rab8 16. Ne4 Na5 17. Qb5 Nc6 18. Rad1 a6 19. Qb3 Qg6 20. Nxf6+ gxf6 21. c5+ Kh8 22. Qc3 Ne7 23. b4 c6 24. Rd6 Qf7 25. a4 Be6 26. f4 exf4 27. Bxf4 Nf5 28. Rdd1 Rbe8 29. Bh3 Ng7 30. Bg2 Nf5 31. Rde1 Kg8 32. Bc1 Qg7 33. Rxe6 Rxe6 34. Rxf5 Rfe8 35. Rf1 Qe7 36. Bd2 Qg7 37. Bf4 h5 38. Qc4 Kh8 39. b5 cxb5 40. axb5 axb5 41. Qxb5 R8e7 42. Bd6 Re8 43. Qxb7 Qg4 44. Qf3 Qg6 45. Bf4 Re1 46. c6 Rxf1+ 47. Bxf1 Qc2 48. Qxh5+ 1-0

[Event "Damhus-ch A"]
[Site "Rodovre"]
[Date "2013.10.08"]
[Round "6"]
[White "Rasmussen, Bjorn"]
[Black "Edoo, Niels"]
[Result "0-1"]
[WhiteElo "1787"]
[BlackElo "1826"]
[PlyCount "82"]
[EventDate "2013.09.03"]
[EventType "tourn"]
[EventRounds "7"]
[EventCountry "DEN"]
[SourceTitle "EXT 2023"]
[Source "ChessBase"]
[SourceDate "2022.10.05"]
[SourceVersion "1"]
[SourceVersionDate "2022.10.05"]
[SourceQuality "1"]

1. e4 c5 2. Nf3 d6 3. d4 cxd4 4. Nxd4 Nf6 5. Nc3 a6 6. Bc4 e6 7. Bb3 Be7 8. Be3 0-0 9. 0-0 Bd7 10. f4 Nc6 11. Qe2 Qc7 12. Rac1 b5 13. a3 Na5 14. Kh1 Rac8 15. Bg1 Nc4 16. Bxc4 Qxc4 17. Rfe1 Rfe8 18. Nf3 Qc7 19. Bd4 Bc6 20. e5 Nd5 21. Nxd5 Bxd5 22. exd6 Bxd6 23. Be5 f6 24. Bxd6 Qxd6 25. Qe3 Rc4 26. f5 Re4 27. Qd3 exf5 28. Red1 Rd8 29. b3 Qf4 30. Re1 Rd7 31. Qc3 Qc7 32. Qxc7 Rxc7 33. Red1 Bb7 34. Rd8+ Kf7 35. Rcd1 Rxc2 36. Nh4 g6 37. h3 Rc7 38. Nf3 Rce7 39. Rb8 Re2 40. Rdd8 Bxf3 41. gxf3 Ra2 0-1

[Event "Bagsvard GSF 75 Years-B"]
[Site "Bagsvard"]
[Date "2008.05.27"]
[Round "6"]
[White "Edoo, Niels"]
[Black "Lodahl, Carsten"]
[Result "0-1"]
[WhiteElo "1847"]
[BlackElo "1930"]
[PlyCount "60"]
[EventDate "2008.04.15"]
[EventType "tourn"]
[EventRounds "7"]
[EventCountry "DEN"]
[SourceTitle "EXT 2023"]
[Source "ChessBase"]
[SourceDate "2022.10.05"]
[SourceVersion "1"]
[SourceVersionDate "2022.10.05"]
[SourceQuality "1"]

1. e4 c5 2. Nf3 d6 3. d4 cxd4 4. Nxd4 Nf6 5. Nc3 a6 6. a4 e5 7. Nb3 Be7 8. Bg5 Be6 9. Be2 Nbd7 10. 0-0 Rc8 11. Qd2 0-0 12. Rfd1 Qc7 13. Rac1 Rfd8 14. Kh1 Nb6 15. Qe3 d5 16. Bxf6 Bxf6 17. exd5 Nxd5 18. Nxd5 Bxd5 19. c4 Bc6 20. Rxd8+ Rxd8 21. Nc5 Be7 22. b4 a5 23. Nd3 axb4 24. Nxe5 Bxa4 25. c5 Bf6 26. Ng4 Bc3 27. Qg5 Bd2 28. Nf6+ Kh8 29. Qh4 h6 30. Ra1 Bc2 0-1

[Event "Bagsvard GSF 75 Years-B"]
[Site "Bagsvard"]
[Date "2008.04.29"]
[Round "3"]
[White "Edoo, Niels"]
[Black "Petersen, Erling Karl"]
[Result "1-0"]
[WhiteElo "1847"]
[BlackElo "1833"]
[PlyCount "51"]
[EventDate "2008.04.15"]
[EventType "tourn"]
[EventRounds "7"]
[EventCountry "DEN"]
[SourceTitle "EXT 2023"]
[Source "ChessBase"]
[SourceDate "2022.10.05"]
[SourceVersion "1"]
[SourceVersionDate "2022.10.05"]
[SourceQuality "1"]

1. c4 Nf6 2. Nf3 b6 3. g3 Bb7 4. Bg2 e6 5. d4 Be7 6. 0-0 0-0 7. Nc3 d5 8. cxd5 exd5 9. Bf4 Nh5 10. Bd2 Nf6 11. Rc1 Ne8 12. Qb3 c6 13. e4 Ba6 14. Rfe1 Bc4 15. Qc2 dxe4 16. Nxe4 Bd5 17. Ne5 Nd6 18. Nxd6 Bxg2 19. Nf5 Bf6 20. Kxg2 Qd5+ 21. Kg1 c5 22. Ng4 Qf3 23. Nxf6+ gxf6 24. Bh6 Rd8 25. Qe4 Qxe4 26. Rxe4 1-0

[Event "Rodovre-ch A"]
[Site "Rodovre"]
[Date "2007.10.02"]
[Round "5"]
[White "Enemark, Bjorn"]
[Black "Edoo, Niels"]
[Result "0-1"]
[WhiteElo "1630"]
[BlackElo "1803"]
[PlyCount "102"]
[EventDate "2007.09.04"]
[EventType "tourn"]
[EventRounds "7"]
[EventCountry "DEN"]
[SourceTitle "EXT 2023"]
[Source "ChessBase"]
[SourceDate "2022.10.05"]
[SourceVersion "1"]
[SourceVersionDate "2022.10.05"]
[SourceQuality "1"]

1. d4 Nf6 2. c4 e6 3. Nc3 d5 4. e3 Be7 5. Nf3 0-0 6. Be2 c6 7. 0-0 Nbd7 8. a3 dxc4 9. Bxc4 b5 10. Ba2 a6 11. b4 Nd5 12. Bd2 a5 13. Nxd5 exd5 14. bxa5 Bxa3 15. Bxd5 b4 16. Bxc6 Rxa5 17. Qb1 Qc7 18. Be4 Nf6 19. Bd3 Rh5 20. g3 Qd7 21. Bxb4 Bb7 22. e4 Bxb4 23. Ra7 Ra5 24. Rxa5 Bxa5 25. Rc1 Rc8 26. Rxc8+ Qxc8 27. Qb5 Bc7 28. d5 Nd7 29. Nd4 Bd6 30. Nc6 Bxc6 31. Qxc6 Qxc6 32. dxc6 Nc5 33. Bb1 h6 34. f3 Ne6 35. f4 Nd4 36. e5 Bc5 37. Ba2 Nxc6+ 38. Kg2 Kf8 39. e6 f5 40. h3 Ke7 41. g4 Nd4 42. g5 hxg5 43. fxg5 Nxe6 44. h4 Kd6 45. Kf3 Ke5 46. Bb1 Nd4+ 47. Kg2 Kf4 48. Kh3 Nf3 49. Bc2 Bf2 50. Bxf5 Kxf5 51. Kg2 Bxh4 0-1

[Event "Rodovre-ch A"]
[Site "Rodovre"]
[Date "2007.09.18"]
[Round "3"]
[White "Hansen, Rasmus Agertoft"]
[Black "Edoo, Niels"]
[Result "1-0"]
[WhiteElo "1880"]
[BlackElo "1803"]
[PlyCount "135"]
[EventDate "2007.09.04"]
[EventType "tourn"]
[EventRounds "7"]
[EventCountry "DEN"]
[SourceTitle "EXT 2023"]
[Source "ChessBase"]
[SourceDate "2022.10.05"]
[SourceVersion "1"]
[SourceVersionDate "2022.10.05"]
[SourceQuality "1"]

1. d4 Nf6 2. Nf3 g6 3. c4 Bg7 4. Nc3 0-0 5. e4 d6 6. Be2 c6 7. 0-0 Bg4 8. Be3 Nbd7 9. Re1 e5 10. d5 cxd5 11. cxd5 a6 12. Rc1 b5 13. Nd2 Bxe2 14. Qxe2 Rc8 15. f3 Nh5 16. b4 Nf4 17. Qf1 Nb6 18. g3 Nh5 19. Qe2 f5 20. Bf2 Nc4 21. Rc2 Bh6 22. Ndb1 Nf6 23. a4 Qd7 24. Kh1 Kh8 25. Bg1 Qb7 26. a5 fxe4 27. fxe4 Qd7 28. Nd1 Ng4 29. Rc3 Rf7 30. h3 Nf6 31. Kg2 Nh5 32. Nf2 Rcf8 33. Qg4 Qe7 34. Re2 Qf6 35. h4 Qe7 36. Na3 Nd2 37. Nc2 Rf3 38. Rxf3 Nxf3 39. Ne1 Nxg1 40. Kxg1 Qf7 41. Rc2 Be3 42. Ned3 Bd4 43. Kg2 Ng7 44. Qe2 Qf6 45. Rc6 Ra8 46. Qg4 Rf8 47. Qe2 Ra8 48. Ng4 Qe7 49. Qc2 h5 50. Ngf2 Ra7 51. Nh3 Ne8 52. Qd2 Kg7 53. Ng5 Nf6 54. Ne6+ Kh7 55. Ng5+ Kg7 56. Qe2 Ng4 57. Qf3 Be3 58. Ne6+ Kh7 59. Rc8 Qf6 60. Rc6 Qe7 61. Rc8 Qf6 62. Qxf6 Nxf6 63. Kf3 Bd2 64. Rc6 Rf7 65. Rc7 Nd7+ 66. Ke2 Bc3 67. Ng5+ Kg7 68. Nxf7 1-0

[Event "Rodovre-ch A"]
[Site "Rodovre"]
[Date "2006.09.26"]
[Round "4"]
[White "Edoo, Niels"]
[Black "Pedersen, Rune Linnebo"]
[Result "1/2-1/2"]
[WhiteElo "1843"]
[BlackElo "1985"]
[PlyCount "106"]
[EventDate "2006.09.05"]
[EventType "tourn"]
[EventRounds "7"]
[EventCountry "DEN"]
[SourceTitle "EXT 2023"]
[Source "ChessBase"]
[SourceDate "2022.10.05"]
[SourceVersion "1"]
[SourceVersionDate "2022.10.05"]
[SourceQuality "1"]

1. e4 c5 2. Nf3 Nc6 3. d4 cxd4 4. Nxd4 g6 5. Be2 Bg7 6. Be3 Nf6 7. Nc3 0-0 8. Nxc6 bxc6 9. e5 Nd5 10. Nxd5 cxd5 11. Qxd5 Rb8 12. 0-0-0 Bb7 13. Qxd7 Qa5 14. Bc4 Qxe5 15. c3 Bxg2 16. Rhe1 Bf3 17. Rd3 Be4 18. Bd2 Qf5 19. Qxf5 Bxf5 20. Rd5 Rfc8 21. Bb3 Be6 22. Ra5 Bxb3 23. axb3 Rxb3 24. Rxa7 Rcb8 25. Rexe7 Rxb2 26. Rxf7 Rb1+ 27. Kc2 R1b2+ 28. Kd1 Be5 29. Rxh7 Rd8 30. Rhd7 Rxd7 31. Rxd7 Bxh2 32. Kc1 Ra2 33. Kb1 Ra6 34. Kc2 Kf8 35. Be3 Ke8 36. Rd5 Rd6 37. Rb5 Kd7 38. c4 Rf6 39. Rb7+ Kc8 40. Rb6 Rxb6 41. Bxb6 Kb7 42. Bd4 Kc6 43. Kd3 Bd6 44. Ke4 Bf8 45. Be3 Bd6 46. Kf3 Be7 47. Kg4 Bf6 48. f3 Be7 49. Bd4 Kd7 50. Kf4 Ke6 51. Ke4 Kd6 52. Be3 Bf6 53. Kf4 Be7 1/2-1/2

[Event "Rodovre-ch A"]
[Site "Rodovre"]
[Date "2006.09.12"]
[Round "2"]
[White "Edoo, Niels"]
[Black "Mortensen, Henrik"]
[Result "1/2-1/2"]
[WhiteElo "1843"]
[BlackElo "1951"]
[PlyCount "121"]
[EventDate "2006.09.05"]
[EventType "tourn"]
[EventRounds "7"]
[EventCountry "DEN"]
[SourceTitle "EXT 2023"]
[Source "ChessBase"]
[SourceDate "2022.10.05"]
[SourceVersion "1"]
[SourceVersionDate "2022.10.05"]
[SourceQuality "1"]

1. d4 d5 2. c4 e6 3. Nc3 f5 4. Nf3 c6 5. g3 Nf6 6. Bg2 Be7 7. 0-0 0-0 8. b3 Ne4 9. Nxe4 fxe4 10. Ne5 Nd7 11. f4 exf3 12. exf3 Nxe5 13. dxe5 dxc4 14. bxc4 Bc5+ 15. Kh1 Bd4 16. Bg5 Qxg5 17. Qxd4 Rd8 18. Qc5 Rd2 19. Rad1 Qd8 20. Qg1 Rd7 21. Rxd7 Bxd7 22. Rd1 Qc7 23. Qd4 Be8 24. Bh3 Bf7 25. f4 Kf8 26. Qc5+ Qe7 27. Rd6 Kg8 28. Rxc6 Qxc5 29. Rxc5 Rd8 30. Rc7 Kf8 31. Rxb7 Rd1+ 32. Kg2 Rd2+ 33. Kg1 Rxa2 34. c5 Rc2 35. Rb8+ Ke7 36. Rb7+ Kf8 37. Rxa7 Rxc5 38. Ra2 g5 39. Rf2 gxf4 40. gxf4 Ke7 41. Kg2 Bg6 42. Kg3 Rc3+ 43. Kh4 Rc2 44. Rxc2 Bxc2 45. Kg5 Kf7 46. Kh6 Bd3 47. Bg4 Bc2 48. h4 Bd3 49. Bh5+ Ke7 50. Bg4 Bg6 51. h5 Bd3 52. Kg5 Kf7 53. h6 Bc2 54. f5 exf5 55. Bxf5 Bxf5 56. Kxf5 Ke7 57. e6 Ke8 58. Kf6 Kf8 59. Kf5 Ke7 60. Ke5 Ke8 61. Z0 1/2-1/2

[Event "Copenhagen K41 Aabent-ch 0506"]
[Site "Copenhagen"]
[Date "2006.02.21"]
[Round "9"]
[White "Nielsen, Michael"]
[Black "Edoo, Niels"]
[Result "1-0"]
[WhiteElo "2034"]
[BlackElo "1964"]
[PlyCount "95"]
[EventDate "2005.11.15"]
[EventType "swiss"]
[EventRounds "9"]
[EventCountry "DEN"]
[SourceTitle "EXT 2023"]
[Source "ChessBase"]
[SourceDate "2022.10.05"]
[SourceVersion "1"]
[SourceVersionDate "2022.10.05"]
[SourceQuality "1"]

1. d4 Nf6 2. Bg5 Ne4 3. Bf4 d5 4. f3 Nf6 5. c4 e6 6. Nc3 Nh5 7. Be3 Bb4 8. Bf2 c5 9. a3 Bxc3+ 10. bxc3 Qa5 11. Qb3 cxd4 12. Bxd4 Nc6 13. Qb5 0-0 14. Qxa5 Nxa5 15. g4 Nf4 16. e3 Ng6 17. cxd5 exd5 18. Rb1 Nc6 19. Ne2 f5 20. gxf5 Rxf5 21. f4 Rf7 22. Bg2 Be6 23. h4 b6 24. Rb5 Rd8 25. c4 Nge7 26. cxd5 Bxd5 27. Rg1 Bxg2 28. Rxg2 Nf5 29. Rxf5 Rxf5 30. Rxg7+ Kf8 31. Rxh7 Ra5 32. h5 Rxa3 33. f5 Nxd4 34. Nxd4 Rxe3+ 35. Kf2 Rxd4 36. Kxe3 Rh4 37. Rxa7 Rxh5 38. Kf4 b5 39. Rb7 b4 40. Ke5 b3 41. Rxb3 Rh2 42. Rb8+ Kf7 43. Rb7+ Kf8 44. Ke6 Re2+ 45. Kf6 Re8 46. Kg6 Rc8 47. f6 Ra8 48. Rh7 1-0

[Event "Copenhagen K41 Aabent-ch 0506"]
[Site "Copenhagen"]
[Date "2006.01.24"]
[Round "6"]
[White "Christiansen, Erling"]
[Black "Edoo, Niels"]
[Result "1/2-1/2"]
[WhiteElo "1816"]
[BlackElo "1964"]
[PlyCount "84"]
[EventDate "2005.11.15"]
[EventType "swiss"]
[EventRounds "9"]
[EventCountry "DEN"]
[SourceTitle "EXT 2023"]
[Source "ChessBase"]
[SourceDate "2022.10.05"]
[SourceVersion "1"]
[SourceVersionDate "2022.10.05"]
[SourceQuality "1"]

1. e4 c5 2. Nc3 d6 3. g3 Nc6 4. Bg2 h5 5. h4 Nf6 6. d3 Bg4 7. f3 Bd7 8. Bg5 Qb6 9. Bxf6 gxf6 10. Nd5 Qa5+ 11. c3 Qd8 12. Qc2 Bh6 13. f4 e6 14. Ne3 Rg8 15. Ne2 e5 16. Bf3 exf4 17. gxf4 Bg4 18. Bxg4 hxg4 19. Nf5 Bf8 20. 0-0-0 Ne7 21. Nxe7 Bxe7 22. Ng3 Qa5 23. Kb1 b5 24. d4 c4 25. d5 Qc7 26. Nf5 a5 27. Rdg1 b4 28. Nh6 Rg6 29. Nxg4 b3 30. axb3 cxb3 31. Qxb3 a4 32. Qa3 Qc4 33. Qb4 Qd3+ 34. Ka2 a3 35. bxa3 Rxg4 36. Rxg4 Qe2+ 37. Kb3 Qxg4 38. f5 Qg2 39. Rb1 Qh2 40. a4 Bd8 41. Qb7 Ra5 42. Qc6+ Kf8 1/2-1/2

[Event "Copenhagen K41 Aabent-ch 0506"]
[Site "Copenhagen"]
[Date "2005.11.29"]
[Round "2"]
[White "Edoo, Niels"]
[Black "Christensen, Henning"]
[Result "0-1"]
[WhiteElo "1964"]
[BlackElo "1623"]
[PlyCount "78"]
[EventDate "2005.11.15"]
[EventType "swiss"]
[EventRounds "9"]
[EventCountry "DEN"]
[SourceTitle "EXT 2023"]
[Source "ChessBase"]
[SourceDate "2022.10.05"]
[SourceVersion "1"]
[SourceVersionDate "2022.10.05"]
[SourceQuality "1"]

1. e4 e5 2. Nf3 Nc6 3. d4 exd4 4. Nxd4 Bc5 5. Nb3 Bb6 6. Be2 Nf6 7. Nc3 d6 8. 0-0 h5 9. Bg5 Be6 10. Nd5 Bxd5 11. exd5 Ne5 12. a4 a6 13. Nd4 Qd7 14. Bxf6 gxf6 15. h3 0-0-0 16. f4 Rdg8 17. f5 Rg5 18. b4 Rhg8 19. Rf2 Rxf5 20. Rxf5 Qxf5 21. Ra3 Qe4 22. Qf1 Bxd4+ 23. Kh1 Qxd5 24. b5 a5 25. Bxh5 Bc5 26. Rb3 Qd4 27. Bf3 Qxa4 28. Bd5 Qd4 29. c4 a4 30. Rb1 a3 31. b6 Bxb6 32. Rb3 a2 33. Ra3 Kb8 34. Rxa2 c6 35. c5 Bxc5 36. Bb3 Ng4 37. Bxf7 Qe5 38. g3 Qe4+ 39. Qg2 Qe1+ 0-1

[Event "Copenhagen K41 Aabent-ch 0506"]
[Site "Copenhagen"]
[Date "2005.11.15"]
[Round "1"]
[White "Christensen, Aage Niels"]
[Black "Edoo, Niels"]
[Result "0-1"]
[WhiteElo "1567"]
[BlackElo "1964"]
[PlyCount "70"]
[EventDate "2005.11.15"]
[EventType "swiss"]
[EventRounds "9"]
[EventCountry "DEN"]
[SourceTitle "EXT 2023"]
[Source "ChessBase"]
[SourceDate "2022.10.05"]
[SourceVersion "1"]
[SourceVersionDate "2022.10.05"]
[SourceQuality "1"]

1. d4 Nf6 2. c4 c5 3. d5 e6 4. Nc3 exd5 5. cxd5 d6 6. e4 g6 7. f4 Bg4 8. Nf3 a6 9. a4 Bg7 10. Be2 0-0 11. h3 Bxf3 12. Bxf3 Re8 13. 0-0 Qc7 14. Re1 Nbd7 15. g4 h6 16. h4 Nh7 17. g5 b5 18. gxh6 Bxh6 19. axb5 axb5 20. Nxb5 Qb6 21. Rxa8 Rxa8 22. Na3 Qd8 23. Re2 Bg7 24. Qe1 Bd4+ 25. Kh1 Qf6 26. Nc4 Ra4 27. Na3 Ne5 28. Kg2 Nd3 29. Qd1 Nxc1 30. Qxc1 Qxh4 31. Nb5 Qf6 32. Nxd4 Rxd4 33. Qe3 Qh4 34. Rd2 Rc4 35. Rd1 g5 0-1

[Event "Farum 60 years op"]
[Site "Farum"]
[Date "2003.10.17"]
[Round "6"]
[White "Ohayv, Nikolaj"]
[Black "Edoo, Niels"]
[Result "0-1"]
[WhiteElo "1967"]
[BlackElo "1977"]
[PlyCount "82"]
[EventDate "2003.10.12"]
[EventType "swiss"]
[EventRounds "7"]
[EventCountry "DEN"]
[SourceTitle "EXT 2018"]
[Source "ChessBase"]
[SourceDate "2017.10.13"]
[SourceVersion "1"]
[SourceVersionDate "2017.10.13"]
[SourceQuality "1"]

1. e4 c5 2. f4 d5 3. e5 Bf5 4. d3 e6 5. Nf3 Nc6 6. Be2 h6 7. Be3 d4 8. Bf2 Nge7 9. Nbd2 Nd5 10. g3 Be7 11. Ne4 0-0 12. 0-0 f6 13. exf6 Nxf6 14. Nfd2 Bh3 15. Re1 e5 16. Nxf6+ Bxf6 17. fxe5 Nxe5 18. Bf1 Qd7 19. Bg2 Bxg2 20. Kxg2 Ng4 21. Ne4 Bg5 22. Qe2 Rae8 23. Bg1 Be3 24. Rf1 Bxg1 25. Kxg1 b6 26. Rxf8+ Rxf8 27. Rf1 Rxf1+ 28. Qxf1 Ne3 29. Qe2 Qa4 30. Qh5 Qd7 31. Qxh6 Qg4 32. Kf2 Qxe4 33. Qxg7+ Kxg7 34. dxe4 Nxc2 35. h4 Nb4 36. g4 Nd3+ 37. Kf3 Nxb2 38. e5 Nc4 39. Ke4 Nxe5 40. Kxe5 d3 41. g5 Kg6 0-1

[Event "Farum 60 years op"]
[Site "Farum"]
[Date "2003.10.16"]
[Round "5"]
[White "Edoo, Niels"]
[Black "Hein, Jacob"]
[Result "1-0"]
[WhiteElo "1977"]
[BlackElo "1338"]
[PlyCount "66"]
[EventDate "2003.10.12"]
[EventType "swiss"]
[EventRounds "7"]
[EventCountry "DEN"]
[SourceTitle "EXT 2018"]
[Source "ChessBase"]
[SourceDate "2017.10.13"]
[SourceVersion "1"]
[SourceVersionDate "2017.10.13"]
[SourceQuality "1"]

1. e4 e5 2. Nf3 Nf6 3. d4 exd4 4. Bd3 d6 5. Nxd4 c5 6. Nf3 Bg4 7. 0-0 Qd7 8. Bf4 Nc6 9. c3 Nh5 10. Bg5 f6 11. Be3 g5 12. h3 Bxh3 13. Nxg5 Bg4 14. Be2 Bxe2 15. Qxe2 Ng7 16. Nh3 Rg8 17. b4 0-0-0 18. bxc5 dxc5 19. Na3 Ne8 20. Nf4 Bd6 21. Rfd1 Qg7 22. g3 Qe7 23. Qc4 Rg4 24. Nb5 Ne5 25. Qe6+ Qxe6 26. Nxe6 Rd7 27. Nxa7+ Kb8 28. Nb5 Rxe4 29. Bxc5 Bxc5 30. Nxc5 Rxd1+ 31. Rxd1 Nf3+ 32. Kg2 Ne1+ 33. Kf1 Kc8 1-0